Wigilijne potrawy - Statystyki

Ogólne statystyki
  • Ten quiz został rozwiązany 1 250 razy
  • Średni wynik to 3 z 11
Statystyki odpowiedzi
^^ Odpowiedź % Poprawnych
# Karp
88%
# Barszcz z uszkami
56%
# Kutia
41%
# Ryba po grecku
36%
# Makowiec
32%
# Kapusta z grzybami
13%
# Kluski z makiem
13%
# Piernik
11%
# Groch z kapustą
9%
# Paszteciki
8%
# Krokiety z kapustą i grzybami
3%
Nie znaleziono quizów pasujących do podanych kryteriów
Rozkład punktacji
Procent ludzi z każdym wynikiem
Percentyl według liczby udzielonych odpowiedzi
Twoja historia wyników
Nie rozwiązałeś tego quizu